000
00182nam a2200085Ia 4500
008
170617s9999 xx 000 0 und d
100
_a
Gaud-R.S
245
0
_a
Pharmaceutics
260
_b
Nirali Pub
260
_c
2006
999
_c
15263
_d
15263